| 000 | 00871 a2200253 4500 | ||
|---|---|---|---|
| 003 | CBULib | ||
| 005 | 20240703082643.0 | ||
| 008 | 240703b |||||||| |||| 00| 0 eng d | ||
| 040 |
_aCBULib _bEnglish _cCBULib _erda |
||
| 041 | _aeng | ||
| 050 | _aCBU-PG THESIS/MAB | ||
| 100 | _aMabila, Credence | ||
| 245 |
_aAn assessment of factors affecting loan portfolio performance in commercial banks in Zambia : case study of ZANACO and ABSA _c/ by Credence Mabila |
||
| 260 |
_bCopperbelt University, _c2023. _aKitwe : |
||
| 300 | _axiii, 67 pages : illustrations | ||
| 336 |
_2rdacontent _aText | _btxt |
||
| 337 |
_2rdamedia _aUnmediated | _bn |
||
| 338 |
_2rdacarrier _aVolume _bnc |
||
| 504 | _aincludes references | ||
| 650 | 0 |
_93053 _aLOAN PERFORMANCE, COMMERCIAL BANKS--ZAMBIA |
|
| 650 | 0 |
_93040 _aBANKS AND BANKING |
|
| 650 | 0 |
_93054 _aBANK LOANS |
|
| 942 |
_2mc _c030 |
||
| 999 |
_c85086 _d85086 |
||